=LDR 00000nam 2200000 4500 =001 INLIS000000000030832 =005 20200511082640 =035 ##$$a 0010-061300000030832 =008 200511################g##########0#ind## =041 ##$$a ind =082 ##$$a 2X4.13 =090 ##$$a 2X4.13, Ala t =100 ##$$a AlAjmi, Salim =245 1#$$a Tanya jawab seputar masalah puasa /$c Salim Al-Ajmi, penerjemah Ahmad sufyan Hadi =260 ##$$a [s.l] :$b Pustaka Darul Ilmi,$c 2007 =300 ##$$a xxii,70 hlm. ; $c 12,5x17,5 cm. =650 #4$$a Puasa =850 ##$$a NBPNMAT =020 ##$$a 978-602-8013-01-7 =084 ##$$a 2X4.13 ALA t =500 ##$$a Judul asli : Ash shiyaamu Suaalun wa jawab =700 #$$a Hadi, Ahmad sufyan =990 ##$$a 20900806 =990 ##$$a 20900807 =990 ##$$a 20900805 =990 ##$$a 20900806 =990 ##$$a 20900807 =990 ##$$a 20900805